Roddy Doyle Bibliography - Statistics

General Stats
  • This quiz has been taken 3 times
    2 since last reset
  • The average score is 15 of 69
Answer Stats
Type Year Name % Correct
Novel 1993 Paddy Clarke Ha Ha Ha
100%
Novel 1987 The Commitments
100%
Screenplay 1991 The Commitments
100%
Novel 1991 The Van
100%
Screenplay 1996 The Van
100%
Novel 1996 The Woman Who Walked into Doors
100%
Play 2003 The Woman Who Walked into Doors
100%
Novel 1999 A Star Called Henry
50%
Screenplay 1994 Family
50%
Novel 2004 Oh, Play That Thing
50%
Novel 2006 Paula Spencer
50%
Biography 2002 Rory and Ita
50%
Novel 2010 The Dead Republic: A Novel
50%
Children's Novel 2000 The Giggler Treatment
50%
Novel 1990 The Snapper
50%
Screenplay 1993 The Snapper
50%
Play 2018 The Snapper
50%
Short Story 2019 Two for the Road
50%
Short Story 2014 Two More Pints
50%
Short Story 2012 Two Pints
50%
Play 2017 Two Pints
50%
Screenplay 2000 When Brendan Met Trudy
50%
Short Story 2007 57% Irish
0%
Children's Novel 2011 A Greyhound of a Girl
0%
Short Story 2011 Animals
0%
Short Story 2010 Ash
0%
Short Story 2007 Black Hoodie
0%
Short Story 2011 Blood
0%
Short Story 2011 Brilliant
0%
Play 1987 Brownbread
0%
Short Story 2008 Bullfighting
0%
Short Story Collection 2011 Bullfighting
0%
Short Story 2011 Bullfighting
0%
Novel 2019 Charlie Savage
0%
Short Story 2015 Dead Man Talking
0%
Short Story 2011 Funerals
0%
Play 2001 Guess Who's Coming for the Dinner?
0%
Short Story 2007 Guess Who's Coming for the Dinner
0%
Children's Book 2008 Her Mother's Face
0%
Short Story 2007 Home to Harlem
0%
Short Story 2007 I Understand
0%
Novel 2020 Love
0%
Short Story 2006 Mad Weekend
0%
Short Story 2007 New Boy
0%
Screenplay 2008 New Boy
0%
Short Story 1999 Not Just for Christmas
0%
Short Story 2003 Recuperation
0%
Screenplay 2018 Rosie
0%
Children's Novel 2016 Rover and the Big Fat Baby
0%
Children's Novel 2001 Rover Saves Christmas
0%
Short Story 2008 Sleep
0%
Novel 2017 Smile
0%
Short Story 2007 Teaching
0%
Short Story 2009 The Bandstand
0%
Short Story 2004 The Child
0%
Short Story 2007 The Deportees
0%
Short Story Collection 2007 The Deportees and Other Stories
0%
Short Story 2007 The Dog
0%
Novel 2013 The Guts
0%
Short Story 2011 The Joke
0%
Children's Novel 2004 The Meanwhile Adventures
0%
Short Story 2011 The Photograph
0%
Short Story 2011 The Plate
0%
Play 2007 The Playboy of the Western World
0%
Short Story 2007 The Pram
0%
Memoir 2014 The Second Half Roddy
0%
Short Story 2000 The Slave
0%
Play 1989 War
0%
Children's Novel 2007 Wilderness
0%
No matching quizzes found
Score Distribution
Percent of People with Each Score
Percentile by Number Answered
Your Score History
You have not taken this quiz since the last reset